{"text_format":"1","workbook":"xlsx","n_sheets":1,"sheets":["inv_veneno_abril_2022"],"not_rendered":{"charts":0,"images":2,"macros":0,"external_links":0,"defined_names":0,"comments":0,"pivot_tables":0},"unopened":[],"bounds":{"document_bytes":16777216,"sheet_cells":100000,"rows_first":2000,"rows_last":500,"rows_between":2000,"halvings":0,"cell_chars":16384,"cell_head_chars":4096},"cells_cut":0,"cells_raw":0,"read":"whole","date_system":"1900"}

{"sheet":"inv_veneno_abril_2022","index":0,"n_rows":211,"n_cols":8,"rows_kept":211,"cut":false,"hidden":false,"merged":[[159,7,163,7],[159,2,163,2],[159,3,163,3],[159,4,163,4],[159,5,163,5],[159,6,163,6],[132,0,132,6],[210,0,210,6],[79,0,79,7],[155,0,155,7],[156,0,156,7],[157,0,157,7],[81,0,85,0],[81,1,85,1],[81,2,85,2],[81,3,85,3],[81,4,85,4],[81,5,85,5],[81,6,85,6],[81,7,85,7],[159,0,163,0],[159,1,163,1],[1,0,1,7],[2,0,2,7],[3,0,3,7],[77,0,77,7],[78,0,78,7],[5,0,9,0],[5,1,9,1],[5,2,9,2],[5,3,9,3],[5,4,9,4],[5,5,9,5],[5,6,9,6],[5,7,9,7],[57,0,57,6]]}
[]
["INSTITUTO DEL TABACO DE LA REPÚBLICA DOMINICANA"]
["INVENTARIO DE VENENO"]
["MES DE ENERO 2026"]
[]
["Fecha de adquisición y/o registro","Artículo","Código Institucional","Descripción artículo","Existencia","Unidad","Costo","Valor"]
[]
[]
[]
[]
["2017-11-02","SEMILLAS ( 7 )","SEMGUAN-LIB","SEMILLA DE GUANDUL-LIB",86,"LIBRAS",1,{"$f":"+G11*E11","v":86}]
["2017-11-02","FUNGICIDAS ( 4 )","PRO72.2","PROPAMOCARD 72.2 SL",52,"250 ML",99,{"$f":"+G12*E12","v":5148}]
["2017-06-19","OTROS ( 12 )","BM16L","BOMBA MOCHILA 16LTS",444,"UND",649,288156]
["2018-04-24","OTROS ( 12 )","BOMB","BOMBAS ASPERJADORAS 16L",9,"UND",1300,11700]
["2018-09-11","OTROS ( 12 )","BPD100CC","BOMBAS PULVERIZADORAS D. 100CC",6,"UND",1500,9000]
["2017-11-08","ADHERENTE-COAGULANTE ( 39 )","AAD 21.5 SL","AQUALINE ADHERENTE DISP. 21.5 SL",135,"250 CC",96,12960]
["2017-11-19","ADHERENTE-COAGULANTE ( 39 )","EMUL PEN  ADH 250 CC","EMULSIFICANTE, PENETRANTE Y ADHERE 250CC",93,"UND",82.35,7658.5499999999993]
["2017-11-02","ADHERENTE-COAGULANTE ( 39 )","IMBILT","IMBIREX CR 80 SL",3,"LITRO",553.04,1659.12]
["2017-01-17","ADHERENTE-COAGULANTE ( 39 )","R.PH","REGULADOR DE PH SUPER 38.7 SL",127,"250 CC",74,9398]
["2017-11-20","ADHERENTE-COAGULANTE ( 39 )","SPREA","SPREADER (EMULSIFICANTE ML-20)",38,"250 CC",75,2850]
["2017-11-02","DESHIJANTE ( 37 )","AGREE-LT","AGREE 12.5 EC",10,"LITRO",940.23,9402.2999999999993]
["2018-01-04","DESHIJANTE ( 37 )","FM12.5","FLUMETRINA 12.5 EC",37,"LITRO",2190,81030]
["2017-11-02","DESHIJANTE ( 37 )","PRIM+25-LT","PRIME 12.5 EC ",1,"LITRO",2439.6,2439.6]
["2016-10-07","FUNGICIDAS ( 4 )","ACA2%+AC.","ACIDO ACETICO 2%+ACIDO 0.03%",108,"LITRO",1150,124200]
["2017-11-16","FUNGICIDAS ( 4 )","AGTV5WP","AGRILAND TRICH. VIRIDE 5 WP",148,"25GR",89,13172]
["2017-11-02","FUNGICIDAS ( 4 )","AL80WP","ALUTYL 80 WP",99,"1000GR",475.00004999999999,47025.004950000002]
["2017-11-02","FUNGICIDAS ( 4 )","AN24SL","ANUBIS 24 SL",68,"LITRO",572,38896]
["2018-08-08","FUNGICIDAS ( 4 )","B.S20WG","BLUE SHIELD 20 WG",24,"500 GR",550,13200]
["2017-11-02","FUNGICIDAS ( 4 )","CIAZ 10% + DIM 30%","CIAZOFAMID 10%+DIMETOMORPH30%",586,"250 CC",600.88888999999995,352120.88953999995]
["2017-01-12","FUNGICIDAS ( 4 )","CRIBA","CRIBA 25 SC",31,"LITRO",1664.25,51591.75]
["2018-08-08","FUNGICIDAS ( 4 )","FA80%WP","FOSETIL ALUMINIO 80% WP",291,"K.G",287.32501000000002,83611.577910000007]
["2017-11-07","FUNGICIDAS ( 4 )","FOLPAN-KG","FOLPAN KILOGRAMO",1977,"1 KG",698.27125999999998,1380482.2810199999]
["2017-01-16","FUNGICIDAS ( 4 )","HC50WP","HIDROXIDO DE COBRE 50WP",274,"1 KG",693.18239000000005,189931.97486000002]
["2017-02-14","FUNGICIDAS ( 4 )","P.10SA","PROBACIL 10 SA",47,"LITRO",900,42300]
["2017-02-14","FUNGICIDAS ( 4 )","PRO.P","PROPAMOCARB 63% + DIMETOMORPH 7%",2056,"250 CC",405,832680]
["2017-11-02","FUNGICIDAS ( 4 )","PROP 70WP","PROPINEB 70 WP ",1335,"500 GR",221.74602999999999,296030.95004999998]
["2017-11-02","FUNGICIDAS ( 4 )","QUIMAZIN","QUIMAZIN 50 SC",4,"LITRO",299.57,1198.28]
["2017-01-03","FUNGICIDAS ( 4 )","SCP","SULFATO DE COBRE PENTAHIDRATADO 6.5,SL",700,"LITRO",502,351400]
["2018-01-03","FUNGICIDAS ( 4 )","TR WP KG.","TRICHODERMA WP",158,"KGR",3826.36,604564.88]
["2017-01-12","HERBICIDAS ( 3 )","K-BAL 50EC LT"," K-BAL 50EC (PENDIMENTALINA)",2,"LITRO",428.9,857.8]
["2017-11-20","INSECTICIDAS ( 2 )","AB,","ABAMECTINA 1.8% EC",13,"250 CC",139.03473,1807.4514899999999]
["2017-09-13","INSECTICIDAS ( 2 )","BT500G","BACILLUS THURINGIENSIS 500G.",1259,"UND",754,949286]
["2017-02-03","INSECTICIDAS ( 2 )","CL40EC","CLORPYKING 40 EC",359,"100 CC",85.724999999999994,30775.274999999998]
["2017-11-01","INSECTICIDAS ( 2 )","CY 75WP","CYROMAZINE 75 WP",1660,"100 GR",171.22539,284234.14740000002]
["2018-04-02","INSECTICIDAS ( 2 )","DEL2.5","DELTAMETRINA 2.5 EC ",2845,"250 ML",99,281655]
["2016-10-27","INSECTICIDAS ( 2 )","EM3.0+B7.0","EMAMECTIN BENZOATO 3.0+ LAMBD7.0",1791,"250 ML",593.74517000000003,1063397.59947]
["2016-10-05","INSECTICIDAS ( 2 )","IM15.0+DEL4.0","IMIDACLOPRID15.0+DELTMETRINA 4.0",953,"250 ML",352.39183000000003,335829.41399000003]
["2018-01-04","INSECTICIDAS ( 2 )","L.T","LAMBDACIHALOTRNA 14,10%+THIAM.10,60%",528,"100 CC",79,41712]
["2017-02-09","INSECTICIDAS ( 2 )","SE1.34SC","SERENADE 1.34 SC",146,"LITRO",924.8,135020.79999999999]
["2017-11-11","NEMATICOS ( 5 )","BIO 5WP","BIOSOFT 5 WP",364,"25GR",85,30940]
["2016-03-15","OTROS ( 12 )","MY14WP","MYCOUP 14 WP",53,"500 GR",1650,87450]
["2016-12-31","VETERINARIOS ( 6 )","ATROPINA","ATROPINA 10 CC",2,"10CC",83.93,167.86]
["2016-10-04","VETERINARIOS ( 6 )","JERING. 5CC","JERINGA 5CC",96,"UND",4.9771200000000002,477.80352000000005]
["2018-01-04","VETERINARIOS ( 6 )","JERINGA","JERINGA 10",367,"UND",8.6624400000000001,3179.1154799999999]
["2018-01-02","VETERINARIOS ( 6 )","JERINGA.","JERINGA 20",14,"UND",12.1,169.4]
["2017-11-20","VETERINARIOS ( 6 )","JER-INS1CC","JERINGUILLA INSUL. 1CC",50,"UND",5.92,296]
["2018-08-08","VETERINARIOS ( 6 )","OXITOXINA","OXITOCINA OVER",1,"50 CC",100.74,100.74]
["TOTAL",null,null,null,null,null,null,{"$f":"SUM(H11:H57)","v":8111249.5646800008}]
[]
[]
[]
[]
[]
[]
[]
[]
[]
[]
[]
[]
[]
[]
[]
[]
[]
[]
[]
["INSTITUTO DEL TABACO DE LA REPÚBLICA DOMINICANA"]
["INVENTARIO DE VENENO"]
["MES DE FEBRERO 2026"]
[]
["Fecha de adquisición y/o registro","Artículo","Código Institucional","Descripción artículo","Existencia","Unidad","Costo","Valor"]
[]
[]
[]
[]
["2017-11-02","SEMILLAS ( 7 )","SEMGUAN-LIB","SEMILLA DE GUANDUL-LIB",86,"LIBRAS",1,{"$f":"+G87*E87","v":86}]
["2017-11-02","FUNGICIDAS ( 4 )","PRO72.2","PROPAMOCARD 72.2 SL",32,"250 ML",99,{"$f":"+G88*E88","v":3168}]
["2017-06-19","OTROS ( 12 )","BM16L","BOMBA MOCHILA 16LTS",371,"UND",649,240779]
["2018-04-24","OTROS ( 12 )","BOMB","BOMBAS ASPERJADORAS 16L",4,"UND",1300,5200]
["2018-09-11","OTROS ( 12 )","BPD100CC","BOMBAS PULVERIZADORAS D. 100CC",6,"UND",1500,9000]
["2017-11-08","ADHERENTE-COAGULANTE ( 39 )","AAD 21.5 SL","AQUALINE ADHERENTE DISP. 21.5 SL",135,"250 CC",96,12960]
["2017-11-19","ADHERENTE-COAGULANTE ( 39 )","EMUL PEN  ADH 250 CC","EMULSIFICANTE, PENETRANTE Y ADHERE 250CC",51,"UND",82.35,4199.8499999999995]
["2017-11-02","ADHERENTE-COAGULANTE ( 39 )","IMBILT","IMBIREX CR 80 SL",3,"LITRO",553.04,1659.12]
["2017-01-17","ADHERENTE-COAGULANTE ( 39 )","R.PH","REGULADOR DE PH SUPER 38.7 SL",25,"250 CC",74,1850]
["2017-11-20","ADHERENTE-COAGULANTE ( 39 )","SPREA","SPREADER (EMULSIFICANTE ML-20)",38,"250 CC",75,2850]
["2017-11-02","DESHIJANTE ( 37 )","FM12.5","FLUMETRINA 12.5 EC",25,"LITRO",2190,54750]
["2018-01-04","DESHIJANTE ( 37 )","PRIM+25-LT","PRIME 12.5 EC ",1,"LITRO",2439.6,2439.6]
["2017-11-02","FUNGICIDAS ( 4 )","ACA2%+AC.","ACIDO ACETICO 2%+ACIDO 0.03%",78,"LITRO",1150,89700]
["2016-10-07","FUNGICIDAS ( 4 )","AGTV5WP","AGRILAND TRICH. VIRIDE 5 WP",148,"25GR",89,13172]
["2017-11-16","FUNGICIDAS ( 4 )","AL80WP","ALUTYL 80 WP",92,"1000GR",475.00004999999999,43700.0046]
["2017-11-02","FUNGICIDAS ( 4 )","AN24SL","ANUBIS 24 SL",37,"LITRO",572,21164]
["2017-11-02","FUNGICIDAS ( 4 )","B.S20WG","BLUE SHIELD 20 WG",24,"500 GR",550,13200]
["2018-08-08","FUNGICIDAS ( 4 )","CIAZ 10% + DIM 30%","CIAZOFAMID 10%+DIMETOMORPH30%",115,"250 CC",600.88888999999995,69102.222349999996]
["2017-11-02","FUNGICIDAS ( 4 )","CRIBA","CRIBA 25 SC",31,"LITRO",1664.25,51591.75]
["2017-01-12","FUNGICIDAS ( 4 )","FA80%WP","FOSETIL ALUMINIO 80% WP",240,"K.G",287.32501000000002,68958.002399999998]
["2018-08-08","FUNGICIDAS ( 4 )","FOLPAN-KG","FOLPAN KILOGRAMO",1977,"1 KG",698.27125999999998,1380482.2810199999]
["2017-11-07","FUNGICIDAS ( 4 )","HC50WP","HIDROXIDO DE COBRE 50WP",273,"1 KG",693.18239000000005,189238.79247000001]
["2017-01-16","FUNGICIDAS ( 4 )","P.10SA","PROBACIL 10 SA",47,"LITRO",900,42300]
["2017-02-14","FUNGICIDAS ( 4 )","PRO.P","PROPAMOCARB 63% + DIMETOMORPH 7%",877,"250 CC",405,355185]
["2017-02-14","FUNGICIDAS ( 4 )","PROP 70WP","PROPINEB 70 WP ",1031,"500 GR",221.74602999999999,228620.15693]
["2017-11-02","FUNGICIDAS ( 4 )","QUIMAZIN","QUIMAZIN 50 SC",4,"LITRO",299.57,1198.28]
["2017-11-02","FUNGICIDAS ( 4 )","SCP","SULFATO DE COBRE PENTAHIDRATADO 6.5,SL",425,"LITRO",502,213350]
["2017-01-03","FUNGICIDAS ( 4 )","TR WP KG.","TRICHODERMA WP",158,"KGR",3826.36,604564.88]
["2018-01-03","HERBICIDAS ( 3 )","K-BAL 50EC LT"," K-BAL 50EC (PENDIMENTALINA)",2,"LITRO",428.9,857.8]
["2017-01-12","INSECTICIDAS ( 2 )","AB,","ABAMECTINA 1.8% EC",10,"250 CC",139.03473,1390.3472999999999]
["2017-11-20","INSECTICIDAS ( 2 )","BT500G","BACILLUS THURINGIENSIS 500G.",382,"UND",754,288028]
["2017-09-13","INSECTICIDAS ( 2 )","CL40EC","CLORPYKING 40 EC",359,"100 CC",85.724999999999994,30775.274999999998]
["2017-02-03","INSECTICIDAS ( 2 )","CY 75WP","CYROMAZINE 75 WP",1268,"100 GR",171.22539,217113.79452]
["2017-11-01","INSECTICIDAS ( 2 )","DEL2.5","DELTAMETRINA 2.5 EC ",2160,"250 ML",99,213840]
["2018-04-02","INSECTICIDAS ( 2 )","EM3.0+B7.0","EMAMECTIN BENZOATO 3.0+ LAMBD7.0",509,"250 ML",593.74517000000003,302216.29152999999]
["2016-10-27","INSECTICIDAS ( 2 )","IM15.0+DEL4.0","IMIDACLOPRID15.0+DELTMETRINA 4.0",352,"250 ML",352.39183000000003,124041.92416000001]
["2016-10-05","INSECTICIDAS ( 2 )","L.T","LAMBDACIHALOTRNA 14,10%+THIAM.10,60%",249,"100 CC",79,19671]
["2018-01-04","INSECTICIDAS ( 2 )","SE1.34SC","SERENADE 1.34 SC",136,"LITRO",924.8,125772.79999999999]
["2017-02-09","NEMATICOS ( 5 )","BIO 5WP","BIOSOFT 5 WP",364,"25GR",85,30940]
["2017-11-11","OTROS ( 12 )","MY14WP","MYCOUP 14 WP",53,"500 GR",1650,87450]
["2016-03-15","VETERINARIOS ( 6 )","ATROPINA","ATROPINA 10 CC",2,"10CC",83.93,167.86]
["2016-12-31","VETERINARIOS ( 6 )","JERING. 5CC","JERINGA 5CC",96,"UND",4.9771200000000002,477.80352000000005]
["2016-10-04","VETERINARIOS ( 6 )","JERINGA","JERINGA 10",367,"UND",8.6624400000000001,3179.1154799999999]
["2018-01-04","VETERINARIOS ( 6 )","JERINGA.","JERINGA 20",14,"UND",12.1,169.4]
["2018-01-02","VETERINARIOS ( 6 )","JER-INS1CC","JERINGUILLA INSUL. 1CC",50,"UND",5.92,296]
["2017-11-20","VETERINARIOS ( 6 )","OXITOXINA","OXITOCINA OVER",1,"50 CC",100.74,100.74]
["TOTAL",null,null,null,null,null,null,{"$f":"SUM(H87:H132)","v":5170957.0912800003}]
[]
[]
[]
[]
[]
[]
[]
[]
[]
[]
[]
[]
[]
[]
[]
[]
[]
[]
[]
[]
[]
[]
["INSTITUTO DEL TABACO DE LA REPÚBLICA DOMINICANA"]
["INVENTARIO DE VENENO"]
["MES DE MARZO 2026"]
[]
["Fecha de adquisición y/o registro","Artículo","Código Institucional","Descripción artículo","Existencia","Unidad","Costo","Valor"]
[]
[]
[]
[]
["2017-11-02","SEMILLAS ( 7 )","SEMGUAN-LIB","SEMILLA DE GUANDUL-LIB",86,"LIBRAS",1,{"$f":"+G165*E165","v":86}]
["2017-06-19","FUNGICIDAS ( 4 )","PRO72.2","PROPAMOCARD 72.2 SL",32,"250 ML",99,{"$f":"+G166*E166","v":3168}]
["2018-04-24","OTROS ( 12 )","BM16L","BOMBA MOCHILA 16LTS",336,"UND",649,218064]
["2018-09-11","OTROS ( 12 )","BOMB","BOMBAS ASPERJADORAS 16L",1,"UND",1300,1300]
["2017-11-08","OTROS ( 12 )","BPD100CC","BOMBAS PULVERIZADORAS D. 100CC",6,"UND",1500,9000]
["2017-11-19","ADHERENTE-COAGULANTE ( 39 )","AAD 21.5 SL","AQUALINE ADHERENTE DISP. 21.5 SL",135,"250 CC",96,12960]
["2017-11-02","ADHERENTE-COAGULANTE ( 39 )","EMUL PEN  ADH 250 CC","EMULSIFICANTE, PENETRANTE Y ADHERE 250CC",51,"UND",82.35,4199.8499999999995]
["2017-01-17","ADHERENTE-COAGULANTE ( 39 )","IMBILT","IMBIREX CR 80 SL",3,"LITRO",553.04,1659.12]
["2017-11-20","ADHERENTE-COAGULANTE ( 39 )","R.PH","REGULADOR DE PH SUPER 38.7 SL",25,"250 CC",74,1850]
["2017-11-02","ADHERENTE-COAGULANTE ( 39 )","SPREA","SPREADER (EMULSIFICANTE ML-20)",38,"250 CC",75,2850]
["2018-01-04","DESHIJANTE ( 37 )","FM12.5","FLUMETRINA 12.5 EC",18,"LITRO",2190,39420]
["2017-11-02","DESHIJANTE ( 37 )","PRIM+25-LT","PRIME 12.5 EC ",1,"LITRO",2439.6,2439.6]
["2016-10-07","FUNGICIDAS ( 4 )","ACA2%+AC.","ACIDO ACETICO 2%+ACIDO 0.03%",68,"LITRO",1150,78200]
["2017-11-16","FUNGICIDAS ( 4 )","AGTV5WP","AGRILAND TRICH. VIRIDE 5 WP",148,"25GR",89,13172]
["2017-11-02","FUNGICIDAS ( 4 )","AL80WP","ALUTYL 80 WP",92,"1000GR",475.00004999999999,43700.0046]
["2017-11-02","FUNGICIDAS ( 4 )","AN24SL","ANUBIS 24 SL",37,"LITRO",572,21164]
["2018-08-08","FUNGICIDAS ( 4 )","B.S20WG","BLUE SHIELD 20 WG",24,"500 GR",550,13200]
["2017-11-02","FUNGICIDAS ( 4 )","CIAZ 10% + DIM 30%","CIAZOFAMID 10%+DIMETOMORPH30%",75,"250 CC",600.88888999999995,45066.666749999997]
["2017-01-12","FUNGICIDAS ( 4 )","CRIBA","CRIBA 25 SC",31,"LITRO",1664.25,51591.75]
["2018-08-08","FUNGICIDAS ( 4 )","FA80%WP","FOSETIL ALUMINIO 80% WP",232,"K.G",287.32501000000002,66659.402320000008]
["2017-11-07","FUNGICIDAS ( 4 )","FOLPAN-KG","FOLPAN KILOGRAMO",1977,"1 KG",698.27125999999998,1380482.2810199999]
["2017-01-16","FUNGICIDAS ( 4 )","HC50WP","HIDROXIDO DE COBRE 50WP",273,"1 KG",693.18239000000005,189238.79247000001]
["2017-02-14","FUNGICIDAS ( 4 )","P.10SA","PROBACIL 10 SA",47,"LITRO",900,42300]
["2017-02-14","FUNGICIDAS ( 4 )","PRO.P","PROPAMOCARB 63% + DIMETOMORPH 7%",838,"250 CC",405,339390]
["2017-11-02","FUNGICIDAS ( 4 )","PROP 70WP","PROPINEB 70 WP ",590,"500 GR",221.74602999999999,130830.1577]
["2017-11-02","FUNGICIDAS ( 4 )","QUIMAZIN","QUIMAZIN 50 SC",4,"LITRO",299.57,1198.28]
["2017-01-03","FUNGICIDAS ( 4 )","SCP","SULFATO DE COBRE PENTAHIDRATADO 6.5,SL",349,"LITRO",502,175198]
["2018-01-03","FUNGICIDAS ( 4 )","TR WP KG.","TRICHODERMA WP",158,"KGR",3826.36,604564.88]
["2017-01-12","HERBICIDAS ( 3 )","K-BAL 50EC LT"," K-BAL 50EC (PENDIMENTALINA)",2,"LITRO",428.9,857.8]
["2017-11-20","INSECTICIDAS ( 2 )","AB,","ABAMECTINA 1.8% EC",10,"250 CC",139.03473,1390.3472999999999]
["2017-09-13","INSECTICIDAS ( 2 )","BT500G","BACILLUS THURINGIENSIS 500G.",247,"UND",754,186238]
["2017-02-03","INSECTICIDAS ( 2 )","CL40EC","CLORPYKING 40 EC",359,"100 CC",85.724999999999994,30775.274999999998]
["2017-11-01","INSECTICIDAS ( 2 )","CY 75WP","CYROMAZINE 75 WP",788,"100 GR",171.22539,134925.60732000001]
["2018-04-02","INSECTICIDAS ( 2 )","DEL2.5","DELTAMETRINA 2.5 EC ",1673,"250 ML",99,165627]
["2016-10-27","INSECTICIDAS ( 2 )","EM3.0+B7.0","EMAMECTIN BENZOATO 3.0+ LAMBD7.0",424,"250 ML",593.74517000000003,251747.95208000002]
["2016-10-05","INSECTICIDAS ( 2 )","IM15.0+DEL4.0","IMIDACLOPRID15.0+DELTMETRINA 4.0",244,"250 ML",352.39183000000003,85983.606520000001]
["2018-01-04","INSECTICIDAS ( 2 )","L.T","LAMBDACIHALOTRNA 14,10%+THIAM.10,60%",167,"100 CC",79,13193]
["2017-02-09","INSECTICIDAS ( 2 )","SE1.34SC","SERENADE 1.34 SC",136,"LITRO",924.8,125772.79999999999]
["2017-11-11","NEMATICOS ( 5 )","BIO 5WP","BIOSOFT 5 WP",364,"25GR",85,30940]
["2016-03-15","OTROS ( 12 )","MY14WP","MYCOUP 14 WP",53,"500 GR",1650,87450]
["2016-12-31","VETERINARIOS ( 6 )","ATROPINA","ATROPINA 10 CC",2,"10CC",83.93,167.86]
["2016-10-04","VETERINARIOS ( 6 )","JERING. 5CC","JERINGA 5CC",96,"UND",4.9771200000000002,477.80352000000005]
["2018-01-04","VETERINARIOS ( 6 )","JERINGA","JERINGA 10",367,"UND",8.6624400000000001,3179.1154799999999]
["2018-01-02","VETERINARIOS ( 6 )","JERINGA.","JERINGA 20",14,"UND",12.1,169.4]
["2017-11-20","VETERINARIOS ( 6 )","JER-INS1CC","JERINGUILLA INSUL. 1CC",50,"UND",5.92,296]
["2018-08-08","VETERINARIOS ( 6 )","OXITOXINA","OXITOCINA OVER",1,"50 CC",100.74,100.74]
["TOTAL",null,null,null,null,null,null,{"$f":"SUM(H165:H210)","v":4612245.0920799999}]